000 00384nam a2200157Ia 4500
008 151213s9999 xx 000 0 und d
100 _aAbu Taher Mojumder
245 _aLiterary & Other Essays
_cAbu Taher Mojumder
250 _a1st
260 _aDhaka
_bAnkur
_c1989
300 _a4308 p.
650 _aEnglish
650 _aEssays
700 _aAbu Taher Mojumder
999 _c2722
_d2722